Đối thoại Socratic 1 (Euthyphro, Socrates tự biện, Crito, Phaedo)
Tập trung những vấn đề lý luận trong Hy Lạp học nói chung và Socrates học nói riêng, như: quan hệ phức tạp giữa Socrates với Plato, sự phát triển và suy vong của nền dân chủ Athens đối chiếu với các nền dân chủ Âu - Mỹ đương đại, nội dung và...
Guardat en:
| Autor principal: | |
|---|---|
| Altres autors: | |
| Format: | Llibre |
| Idioma: | Undetermined |
| Publicat: |
H.
Tri thức
2013
|
| Matèries: | |
| Accés en línia: | http://lrc.tdmu.edu.vn/opac/search/detail.asp?aID=2&ID=20147 |
| Etiquetes: |
Afegir etiqueta
Sense etiquetes, Sigues el primer a etiquetar aquest registre!
|
| Thư viện lưu trữ: | Trung tâm Học liệu Trường Đại học Thủ Dầu Một |
|---|
| LEADER | 01220nam a2200217Ia 4500 | ||
|---|---|---|---|
| 001 | TDMU_20147 | ||
| 008 | 210410s9999 xx 000 0 und d | ||
| 082 | |a 183.2 | ||
| 090 | |b P110 | ||
| 100 | |a Plato | ||
| 245 | 0 | |a Đối thoại Socratic 1 (Euthyphro, Socrates tự biện, Crito, Phaedo) | |
| 245 | 0 | |c Plato; Nguyễn Văn Khoa (dịch, chú giải và dẫn nhập) | |
| 260 | |a H. | ||
| 260 | |b Tri thức | ||
| 260 | |c 2013 | ||
| 300 | |a 591 tr. | ||
| 520 | |a Tập trung những vấn đề lý luận trong Hy Lạp học nói chung và Socrates học nói riêng, như: quan hệ phức tạp giữa Socrates với Plato, sự phát triển và suy vong của nền dân chủ Athens đối chiếu với các nền dân chủ Âu - Mỹ đương đại, nội dung và phong cách triết lý của Socrates. | ||
| 650 | |a Socrates |x Quan điểm chính trị và xã hội ; Chính trị học; Nhà triết học Hy Lạp; Triết học | ||
| 700 | |a Nguyễn, Văn Khoa | ||
| 856 | |u http://lrc.tdmu.edu.vn/opac/search/detail.asp?aID=2&ID=20147 | ||
| 980 | |a Trung tâm Học liệu Trường Đại học Thủ Dầu Một | ||